Propuesta de metodología para valuación de puestos del personal de servicios, conforme a la estructura organizacional de la Vice Rectoría Administrativa

Presenta una propuesta metodológica para la valuación de puestos que sirvan de base para un sistema de valuación eficiente y efectiva a aplicarse al personal de servicio ubicado en la Vice-Rectoría Administrativa. Para determinar el valor relativo de cada puesto dentro de la estructura organiza...

Full description

Bibliographic Details
Main Authors: Quiñónez Rojas, Karla Julissa, Cuarezma Zamora, Mariano Alberto, Jaime Miranda, Marlon Bismark
Other Authors: Tutor:
Format: Tesis Section = Libro
Language:Undetermined
Spanish
Published: Managua UNI 2007
Subjects:
LEADER 01428nam a2200277Ia 4500
008 240830s9999 xx 000 0 und d
040 |a BIBLIOTECA-RUSB/ M.Mon 658.3 Q7 
041 |a spa 
082 |a M.Mon 658.3 Q7 
100 1 |a Quiñónez Rojas, Karla Julissa 
100 1 |b Cuarezma Zamora, Mariano Alberto 
100 1 |c Jaime Miranda, Marlon Bismark 
245 1 0 |a Propuesta de metodología para valuación de puestos del personal de servicios, conforme a la estructura organizacional de la Vice Rectoría Administrativa 
260 |a Managua  |b UNI  |c 2007 
300 |a 82 p. :il. 
500 |a Contiene: anexos. 
502 |a Tesis (Máster en Dirección y Gestión de Empresas) - UNI, 2007. 
520 3 |a Presenta una propuesta metodológica para la valuación de puestos que sirvan de base para un sistema de valuación eficiente y efectiva a aplicarse al personal de servicio ubicado en la Vice-Rectoría Administrativa. Para determinar el valor relativo de cada puesto dentro de la estructura organizacional en correspondencia con las necesidades y cambios institucionales que requiere la Universidad Nacional de Ingeniería. 
650 7 |a ADMINISTRACIÓN DE PERSONAL - VALUACIÓN DE CARGOS 
650 7 |b  RECURSOS HUMANOS 
650 7 |c  ESTRUCTURA ORGANIZACIONAL UNI 
650 7 |d  MANUAL DE FUNCIONES - VALUACIÓN DE PUESTOS 
700 1 |a Tutor: 
942 |c BK  |2 ddc 
991 |a TESIS 
999 |c 19350